"El caballero Carmelo: Otros cuentos, poemás y ensayos" (Record no. 6025)
[ view plain ]
| 000 -LEADER | |
|---|---|
| campo de control de longitud fija | 00300nam a2200109Ia 4500 |
| 005 - FECHA Y HORA DE LA ÚLTIMA TRANSACCIÓN | |
| campo de control | 20251222141757.0 |
| 008 - DATOS DE LONGITUD FIJA--INFORMACIÓN GENERAL | |
| campo de control de longitud fija | 251222s9999||||xx |||||||||||||| ||spa|| |
| 082 ## - NÚMERO DE LA CLASIFICACIÓN DECIMAL DEWEY | |
| Número de clasificación | 869.568/V19A/1989 |
| 100 ## - ENTRADA PRINCIPAL--NOMBRE DE PERSONA | |
| Nombre de persona | "Valdelomar, Abraham" |
| 245 #0 - MENCIÓN DEL TÍTULO | |
| Título | "El caballero Carmelo: Otros cuentos, poemás y ensayos" |
| 942 ## - ELEMENTOS DE ENTRADA SECUNDARIOS (KOHA) | |
| Tipo de ítem Koha | Libros |
| Estatus retirado | Estado de pérdida | Estado de daño | No para préstamo | Biblioteca de origen | Biblioteca actual | Ubicación en estantería | Fecha de adquisición | Total de préstamos | Signatura topográfica completa | Código de barras | Visto por última vez | Precio de reemplazo | Tipo de ítem Koha |
|---|---|---|---|---|---|---|---|---|---|---|---|---|---|
| Biblioteca Central | Biblioteca Central | Programa | 22/12/2025 | 869.568/V19A/1989 | 0000076 | 22/12/2025 | 22/12/2025 | Libros |
